Statystyki dla Kraje świata w języku rosyjskim

Kliknij tutaj aby rozwiązać quiz!

Ogólne statystyki

  • Ten quiz został rozwiązany 346 razy
  • Średni wynik to 10 z 10

Statystyki odpowiedzi

rosyjskipolski% Poprawnych
Pol'shapolska
100%
Norvegiyanorwegia
100%
Rossiyarosja
100%
Saudovskaya Araviyaarabia saudyjska
99%
Germaniyaniemcy
98%
Ob"yedinennyye Arabskiye Emiratyzjednoczone emiraty arabskie
98%
Dominikanskaya Respublikadominikana
96%
Dzhibutidżibuti
93%
Botsvanabotswana
92%
M'yanmamjanma
84%

Rozkład punktacji

Percentyl według liczby udzielonych odpowiedzi

Procent ludzi z każdym wynikiem

Twoja historia wyników

Nie rozwiązałeś tego quizu